<?xml version="1.0" encoding="UTF-8"?>
<record
    xmlns:xsi="http://www.w3.org/2001/XMLSchema-instance"
    xsi:schemaLocation="http://www.loc.gov/MARC21/slim http://www.loc.gov/standards/marcxml/schema/MARC21slim.xsd"
    xmlns="http://www.loc.gov/MARC21/slim">

  <leader>00975nam a2200145   4500</leader>
  <controlfield tag="008">708 IN59t</controlfield>
  <datafield tag="020" ind1=" " ind2=" ">
    <subfield code="a">9758017252</subfield>
  </datafield>
  <datafield tag="082" ind1=" " ind2=" ">
    <subfield code="a">708</subfield>
    <subfield code="b">IN59t</subfield>
  </datafield>
  <datafield tag="100" ind1=" " ind2=" ">
    <subfield code="a">Hearne, Leeta (edici&#xF3;n) </subfield>
    <subfield code="9">7102</subfield>
  </datafield>
  <datafield tag="245" ind1=" " ind2=" ">
    <subfield code="a">In tribute to David Boxer:</subfield>
    <subfield code="b">Twenty years at The National Gallery of Jamaica 1975 - 1995 </subfield>
  </datafield>
  <datafield tag="260" ind1=" " ind2=" ">
    <subfield code="a">Jamaica </subfield>
    <subfield code="b">Institute of Jamaica Publications</subfield>
    <subfield code="b">National Gallery of Jamaica </subfield>
    <subfield code="c">1995</subfield>
  </datafield>
  <datafield tag="300" ind1=" " ind2=" ">
    <subfield code="a">40 p.</subfield>
    <subfield code="b">il.</subfield>
    <subfield code="c">28 x 21,5 cm </subfield>
  </datafield>
  <datafield tag="505" ind1=" " ind2=" ">
    <subfield code="t">Introduction </subfield>
    <subfield code="r">Aaron Matalon </subfield>
    <subfield code="t">A tribute to David Boxer </subfield>
    <subfield code="r">Susan Alexander </subfield>
    <subfield code="t">Fiction, personality and property: a jamaican colonial representation in miniature </subfield>
    <subfield code="r">Rosalie Smith-McCrea </subfield>
    <subfield code="t">Intuitive lessons: on naming the primitive </subfield>
    <subfield code="r">Petrine Archer-Straw </subfield>
    <subfield code="t">The search for the patron: an overview of the cuban and jamaican arenas </subfield>
    <subfield code="r">Irina Leyva Gonz&#xE1;lez, Lorraine Morgan, Nicholas Morris </subfield>
    <subfield code="t">A concise guide to publications of jamaican art </subfield>
    <subfield code="r">Veerle Poupeye-Rammelaere</subfield>
    <subfield code="t">Bibliography </subfield>
  </datafield>
  <datafield tag="650" ind1=" " ind2=" ">
    <subfield code="x">Jamaica</subfield>
    <subfield code="x">Boxer, David</subfield>
    <subfield code="x">arte - biograf&#xED;a </subfield>
    <subfield code="9">7103</subfield>
  </datafield>
  <datafield tag="999" ind1=" " ind2=" ">
    <subfield code="c">1813</subfield>
    <subfield code="d">1813</subfield>
  </datafield>
  <datafield tag="952" ind1=" " ind2=" ">
    <subfield code="0">0</subfield>
    <subfield code="1">0</subfield>
    <subfield code="2">ddc</subfield>
    <subfield code="4">0</subfield>
    <subfield code="7">0</subfield>
    <subfield code="a">LV</subfield>
    <subfield code="b">LV</subfield>
    <subfield code="c">Monograf&#xED;as</subfield>
    <subfield code="d">2019-07-06</subfield>
    <subfield code="l">0</subfield>
    <subfield code="o">708 IN59t</subfield>
    <subfield code="p">002068</subfield>
    <subfield code="r">2019-07-06 00:00:00</subfield>
    <subfield code="w">2019-07-06</subfield>
    <subfield code="y">01</subfield>
  </datafield>
</record>
